000
00260nam a2200097Ia 4500
001
1075859
005
20250827002246.0
008
250824s9999 xx 000 0 und d
245
0
_a
KARANTİNA GÜNLÜĞÜ
_c
BİLAL KEMİKLİ
260
_b
ÇIRA EDEBİYAT YAYINLARI
999
_c
1075859
_d
1075859